University Home | Library Home | Institutional Repository

Azeotropic data II / (Record no. 156617)

MARC details
000 -LEADER
fixed length control field 00952cam2a220025300 4500
001 - CONTROL NUMBER
control field qce00977752
005 - DATE AND TIME OF LATEST TRANSACTION
control field 20190826083917.0
008 - FIXED-LENGTH DATA ELEMENTS--GENERAL INFORMATION
fixed length control field 750502s1962 dcu 000 0 eng u
035 ## - SYSTEM CONTROL NUMBER
System control number (Sirsi) r15333
035 ## - SYSTEM CONTROL NUMBER
System control number (QCAT)lss00816239
035 ## - SYSTEM CONTROL NUMBER
System control number (UPRA)qce00977752
040 ## - CATALOGING SOURCE
Modifying agency UPRA
245 00 - TITLE STATEMENT
Title Azeotropic data II /
Statement of responsibility, etc. comp. by Lee H. Horsley with the cooperation of William S. Tamplin.
260 ## - PUBLICATION, DISTRIBUTION, ETC.
Place of publication, distribution, etc. Washington, DC :
Name of publisher, distributor, etc. American Chemical Society.,
Date of publication, distribution, etc. 1962.
490 0# - SERIES STATEMENT
Series statement Advances in chemistry series., 35
Linkage S11405.1
500 ## - GENERAL NOTE
General note "This vol. is a supplement to "Azeotropic Data" pub. as Advances in chemistry series, no. 6, American Chemical Society (1952)"--introd.
504 ## - BIBLIOGRAPHY, ETC. NOTE
Bibliography, etc. note Bibliography.
650 #0 - SUBJECT ADDED ENTRY--TOPICAL TERM
Topical term or geographic name entry element Azeotropes.
Linkage S53907.1
700 1# - ADDED ENTRY--PERSONAL NAME
Personal name Horseley, Lee H.
Linkage A71880.1
700 1# - ADDED ENTRY--PERSONAL NAME
Personal name Hesley, Lee H.
Linkage A71881.1
949 ## - LOCAL PROCESSING INFORMATION (OCLC)
a QD291
w lcc
i -9881
m MAIN
t BOOK
l ON-SHELF
949 ## - LOCAL PROCESSING INFORMATION (OCLC)
a QD291
w lcc
i -9882
m MAIN
t BOOK
l ON-SHELF

No items available.

© 2026 - The University of Zambia Library - Koha v25.11